Normal view MARC view
  • Düşsel sohbetler

Entry Topical Term

Number of records used in: 1

001 - CONTROL NUMBER

  • control field: 92353

003 - CONTROL NUMBER IDENTIFIER

  • control field: TR-AnTOB

005 - DATE AND TIME OF LATEST TRANSACTION

  • control field: 20200522162659.0

008 - FIXED-LENGTH DATA ELEMENTS

  • fixed length control field: 161231n|eazznnaab| |a aaa d

035 ## - SYSTEM CONTROL NUMBER

  • System control number: (TR-AnTOB)92353

040 ## - CATALOGING SOURCE

  • Original cataloging agency: TR-AnTOB
  • Transcribing agency: TR-AnTOB
  • Subject heading/thesaurus conventions: etuturkob

150 ## - HEADING--TOPICAL TERM

  • Topical term or geographic name entry element: Düşsel sohbetler

450 ## - SEE FROM TRACING--TOPICAL TERM

  • Topical term or geographic name entry element: Imaginary conversations

450 ## - SEE FROM TRACING--TOPICAL TERM

  • Topical term or geographic name entry element: Conversation, Imaginal

450 ## - SEE FROM TRACING--TOPICAL TERM

  • Topical term or geographic name entry element: Conversation, Imaginary

450 ## - SEE FROM TRACING--TOPICAL TERM

  • Topical term or geographic name entry element: Dialogues, Imaginal

450 ## - SEE FROM TRACING--TOPICAL TERM

  • Topical term or geographic name entry element: Imaginal dialogues

450 ## - SEE FROM TRACING--TOPICAL TERM

  • Topical term or geographic name entry element: Hayali konuşmalar

550 ## - SEE ALSO FROM TRACING--TOPICAL TERM

  • Topical term or geographic name entry element: Conversation
  • Control subfield: g

550 ## - SEE ALSO FROM TRACING--TOPICAL TERM

  • Topical term or geographic name entry element: Dialogues
  • Control subfield: g

688 ## - APPLICATION HISTORY NOTE

  • Institution to which field applies: TR-AnTOB
  • Application history note: Op 22.05.2020

750 ## - ESTABLISHED HEADING LINKING ENTRY--TOPICAL TERM

  • Authority record control number or standard number: https://lccn.loc.gov/sh85064457
  • Source of heading or term: lcsh

750 ## - ESTABLISHED HEADING LINKING ENTRY--TOPICAL TERM

  • Authority record control number or standard number: (TR-AnTOB)92354
  • Source of heading or term: etuesh
Devinim Yazılım Eğitim Danışmanlık tarafından Koha'nın orjinal sürümü uyarlanarak geliştirilip kurulmuştur.